Lễ cưới của người Pa Dí ở huyện Mường Khương, tỉnh Lào Cai
v.v..
Đã lưu trong:
| Tác giả chính: | |
|---|---|
| Định dạng: | Sách |
| Năm xuất bản: |
H.
Thời đại
2013
|
| Chủ đề: | |
| Tags: |
Thêm thẻ
Không có thẻ, Hãy là người đầu tiên gắn thẻ bản ghi này!
|
| LEADER | 00842nam a2200217 4500 | ||
|---|---|---|---|
| 082 | |a 398.09597167 |b NG527TH | ||
| 100 | |a Nguyễn Thị Lành | ||
| 245 | |a Lễ cưới của người Pa Dí ở huyện Mường Khương, tỉnh Lào Cai |c Nguyễn Thị Lành | ||
| 260 | |a H. |b Thời đại |c 2013 | ||
| 300 | |a 197 tr. |c 21 cm. | ||
| 500 | |a Đầu trang tên sách ghi: Hội văn nghệ dân gian Việt Nam | ||
| 520 | |a v.v.. | ||
| 653 | |a Văn hóa dân gian | ||
| 653 | |a Việt Nam | ||
| 653 | |a Lễ kết hôn | ||
| 653 | |a Dân tộc thiểu số | ||
| 653 | |a Mường Khương | ||
| 653 | |a Lào Cai | ||
| 942 | |2 ddc |c SH | ||
| 999 | |c 4244 |d 4244 | ||
| 952 | |0 0 |1 0 |2 ddc |4 0 |6 398_095971670000000_NG527TH |7 0 |8 300 |9 42718 |a qbu |b qbu |c D2 |d 2014-12-19 |g 40000 |o 398.09597167 NG527TH |p 1220.c1 |r 0000-00-00 |w 2014-12-19 |y SH |0 0 |6 398_095971670000000_NG527TH | ||